000
00382nam a2200145Ia 4500
008
100122s9999 xx 000 0 und d
082
_b
21478
_a
823.08
100
_a
गाडगीळ बाळ
245
_a
फिरकी
260
_b
मेनका प्रकाशन
_c
1975
300
_a
147
630
_a
फिरकी
730
_a
फिरकी
942
_c
BOOK
999
_c
409493
_d
409490